MARC

LEADER 00000nam0a2200000 4500
001 119591
005 20231101215541.0
035 |a (RuTPU)RU\TPU\book\129440 
090 |a 119591 
100 |a 20070718d1955 k y0rusy50 ca 
101 0 |a rus 
102 |a RU 
105 |a a z 001zy 
200 1 |a Очистка и отделка поверхности металлических деталей  |f М. Я. Идельсон 
210 |a Москва  |c Изд-во ВПТИ  |d 1955 
215 |a 96 с.  |c ил. 
225 1 |a Зарубежная техника  |v Вып. 17 
320 |a Библиогр.: с. 94. 
512 1 |a Очистка и отделка деталей 
606 |a Детали машин  |x Обработка поверхности,гидроабразивная  |2 stltpush  |3 (RuTPU)RU\TPU\subj\9184  |9 36462 
610 1 |a металлические детали 
610 1 |a поверхности 
610 1 |a очистка 
610 1 |a отделка 
610 1 |a гидроабразивная очистка 
610 1 |a ультразвуковая очистка 
610 1 |a химическое полирование 
610 1 |a электрополирование 
610 1 |a окалина 
610 1 |a удаление 
610 1 |a индукционный нагрев 
610 1 |a обработка ультразвуком 
675 |a 621.924.9  |v 3 
700 1 |a Идельсон  |b М. Я.  |g Мирон Яковлевич 
712 0 2 |a Всесоюзный проектно-технологический институт (ВПТИ)  |2 stltpush  |3 (RuTPU)RU\TPU\col\11954 
801 1 |a RU  |b 63413507  |c 20070718  |g PSBO 
801 2 |a RU  |b 63413507  |c 20180406  |g PSBO 
942 |c BK